| 000 | 00324nam a2200121Ia 4500 | ||
|---|---|---|---|
| 008 | 210430s9999 xx 000 0 und d | ||
| 082 | _a519.4 I733 A | ||
| 100 |
_aIsaacson Keller _954007 |
||
| 245 |
_aAnalysis of Numerical Methods _cIsaacson Keller |
||
| 260 |
_aNew York _bDover _c2001 |
||
| 300 | _a541p | ||
| 942 |
_cBK _2ddc |
||
| 999 |
_c564431 _d564431 |
||